000 00765nam a2200217 a 4500
001 000041500
005 20201002034939.0
008 131008s1992 sp 000 0 spa d
020 _a8400072332
040 _aDO-SdBNP
_bspa
_cBNPHU
082 _axxx
_bC335i, 1992
100 1 _aCasares, Julio
_968202
245 1 0 _aIntroducción a la lexicografía moderna /
_cJulio Casares ; prólogo de W. von Wartburg.
250 _a3a ed.
260 _aMadrid :
_bConsejo Superior de Investigaciones Científicos,
_c1992.
300 _axv, 354 p. ;
_c21 cm.
490 1 _aTextos universitarios
_v17
500 _aIncluye referencias bibliográficas y notas al pie de las páginas.
700 1 2 _aWartburg, W. von
_epról.
_968203
830 0 _aTextos universitarios
_n17
_968204
999 _c40990
_d40990